000 00590nam a22001937a 4500
003 OSt
005 20260121034406.0
008 260121b |||||||| |||| 00| 0 eng d
020 _a0-8212-23335-6.
040 _aDWC-Main lib.
_cOC
082 _aGR. 909 L722 1996
110 _aEditors of Life
245 _aLife sixty years :
_ba 60th anniversary celebration 1936-1996/
_cEditors of Life
260 _aNew York :
_bLife Books,
_cc1996.
300 _a192 p. :
_bcolored illustration ;
_c28 cm.
504 _aIncludes index.
650 _a1. World History.
942 _2ddc
_cGR
_hGR.
_n0
999 _c7641
_d7641